000 00703nam a2200229 i 4500
001 bg
245 0 0 _aGeografia turystyczna świata.
_nCz. 1 /
_cpod red. Jadwigi Warszyńskiej.
250 _aWyd. 3.
260 _aWarszawa :
_bWydaw. Naukowe PWN,
_c1997.
300 _a401, [3] s. :
_bfot. kolor., mapy, pl. ;
_c25 cm.
504 _aBibliogr. s. 371-373. - Indeks.
650 9 _aGeografia
_xzagadnienia
650 9 _aTurystyka
_xgeografia
700 1 _aWARSZYŃSKA, Jadwiga.
_eRed.
020 _a8301109440 (cz. 1)
040 _cBPK
041 0 _apl
080 _a913:911.3:379.85](100)(02.025.2)
920 _a83-01-10944-0 (cz. 1)
942 _cKS
008 s pl f |000 0 pol
999 _c33518
_d33518
856 _uhttp://koha.tu.koszalin.pl/cgi-bin/koha/opac-detail.pl?biblionumber=33518
_yKatalog online BPK